Library of the University of Algiers 3
Ibrahim Sultan Cheibout
شعار جامعة الجزائر 3
مكتبة جامعة الجزائر 3
إبراهيم سلطان شيبوط

النماذج الرياضية وأساليب التحليل الكمي في التخطيط الحضري والإقليمي / (رقم التسجيلة. 43100)

تفاصيل مارك
000 -LEADER
fixed length control field 01202nam a2200265Ia 4500
003 - CONTROL NUMBER IDENTIFIER
control field Ost
005 - DATE AND TIME OF LATEST TRANSACTION
control field 20260507075123.0
008 - FIXED-LENGTH DATA ELEMENTS--GENERAL INFORMATION
fixed length control field 260507s9999||||xx |||||||||||||| ||und||
020 ## - INTERNATIONAL STANDARD BOOK NUMBER
International Standard Book Number 9957241672
040 ## - CATALOGING SOURCE
Transcribing agency fsecg
041 ## - LANGUAGE CODE
Language code of text/sound track or separate title ara
082 ## - DEWEY DECIMAL CLASSIFICATION NUMBER
Classification number 330
100 ## - MAIN ENTRY--PERSONAL NAME
Personal name العاني، محمد جاسم محمد علي شعبان
Relator term مؤلف
245 #0 - TITLE STATEMENT
Title النماذج الرياضية وأساليب التحليل الكمي في التخطيط الحضري والإقليمي /
Statement of responsibility, etc. محمد جاسم محمد علي شعبان العاني
260 ## - PUBLICATION, DISTRIBUTION, ETC.
Place of publication, distribution, etc. عمان:
Name of publisher, distributor, etc. دار صفاء,
Date of publication, distribution, etc. 2005
300 ## - PHYSICAL DESCRIPTION
Extent 195 صفحة؛
Other physical details إيضاحات ؛
Dimensions 24 سم
504 ## - BIBLIOGRAPHY, ETC. NOTE
Bibliography, etc. note التوضيحات باللغة الأنجليزية
520 ## - SUMMARY, ETC.
Summary, etc. دور النماذج في العملية التخطيطية ومبادئ التصميم واستعمال النماذج-مبادئ الرياضية والنماذج الخطية والجاذبية-الإستنتاجات
653 ## - INDEX TERM--UNCONTROLLED
Uncontrolled term العملية التخطيطية
653 ## - INDEX TERM--UNCONTROLLED
Uncontrolled term النماذج
653 ## - INDEX TERM--UNCONTROLLED
Uncontrolled term النماذج الإثباتية
653 ## - INDEX TERM--UNCONTROLLED
Uncontrolled term النماذج التخطيطية
653 ## - INDEX TERM--UNCONTROLLED
Uncontrolled term النماذج الوصفية
942 ## - ADDED ENTRY ELEMENTS (KOHA)
Koha item type كتب
المقتنيات
Withdrawn status Lost status Source of classification or shelving scheme Damaged status Not for loan Home library Current library Date acquired Serial enumeration / chronology Inventory number Total checkouts Full call number Barcode Date last seen Price effective from Koha item type
    Dewey Decimal Classification   NOT LOAN / إعارة داخلية مكتبة كلية العلوم الإقتصادية والعلوم التجارية وعلوم التسيير مكتبة كلية العلوم الإقتصادية والعلوم التجارية وعلوم التسيير 07/05/2026 الطابق الأرضي 2024/1   أ/2024ن1 2024/1 07/05/2026 07/05/2026 كتب
    Dewey Decimal Classification   Available مكتبة كلية العلوم الإقتصادية والعلوم التجارية وعلوم التسيير مكتبة كلية العلوم الإقتصادية والعلوم التجارية وعلوم التسيير 07/05/2026 الطابق الأرضي 2024/2   أ/2024ن2 2024/2 07/05/2026 07/05/2026 كتب
    Dewey Decimal Classification   Available مكتبة كلية العلوم الإقتصادية والعلوم التجارية وعلوم التسيير مكتبة كلية العلوم الإقتصادية والعلوم التجارية وعلوم التسيير 07/05/2026 الطابق الأرضي 2024/3   أ/2024ن3 2024/3 07/05/2026 07/05/2026 كتب
    Dewey Decimal Classification   Available مكتبة كلية العلوم الإقتصادية والعلوم التجارية وعلوم التسيير مكتبة كلية العلوم الإقتصادية والعلوم التجارية وعلوم التسيير 07/05/2026 الطابق الثاني 2024/4   أ/2024ن4 2024/4 07/05/2026 07/05/2026 كتب

موارد الويب المفتوحة


© University of Algiers 3 All Rights Reserved
|
Implemented by LECHELAH Riad